书目信息 |
| 题名: |
机器人+
|
|
| 作者: | 刘芳栋 , 林伟 , 朱建良 , 张新亮 著 | |
| 分册: | ||
| 出版信息: | 北京 中国铁道出版社 2016 |
|
| 页数: | 234页 | |
| 开本: | 24cm | |
| 丛书名: | ||
| 单 册: | ||
| 中图分类: | TP24 , TP2 | |
| 科图分类: | ||
| 主题词: | 自动化技术--ji qi ren ji shu , 自动化设备 | |
| 电子资源: | ||
| ISBN: | 978-7-113-21972-7 | |
| 000 | 01280nam0 2200325 450 | |
| 001 | 1650066803 | |
| 005 | 20160928162021.8 | |
| 010 | @a978-7-113-21972-7@dCNY48.00 | |
| 100 | @a20160928d2016 ekmy0chiy50 ea | |
| 101 | 0 | @achi |
| 102 | @aCN@b110000 | |
| 105 | @aa z 000yy | |
| 106 | @ar | |
| 200 | 1 | @a机器人+@Aji qi ren +@e正在席卷全球的机器人革命@d= Robots@erobot is over the world’s robot revolution@f刘芳栋, 林伟, 朱建良, 张新亮著@zeng |
| 210 | @a北京@c中国铁道出版社@d2016 | |
| 215 | @a234页@c图@d24cm | |
| 330 | @a本书主要分8章来进行讲解,主要讲解了即将到来的“机器人红利”时代的特征,中国机器人产业的发展现状及策略,机器人与智能制造技术,机器人在不同领域的应用(工业、教育、医疗、服务、家庭、农业与军事)这四个模块的内容。 | |
| 333 | @a机器人产业相关人员。 | |
| 510 | 1 | @aRobots@erobot is over the world’s robot revolution@zeng |
| 517 | 1 |
@a正在席卷全球的机器人革命@Azheng zai xi juan quan qiu |
| 606 | 0 | @a自动化技术@Aji qi ren ji shu |
| 606 | 0 | @a自动化设备 |
| 690 | @aTP24@v5 | |
| 690 | @aTP2@v4 | |
| 701 | 0 | @a刘芳栋@Aliu fang dong@4著 |
| 701 | 0 | @a林伟@Alin wei@4著 |
| 701 | 0 | @a朱建良@Azhu jian liang@4著 |
| 701 | 0 | @a张新亮@Azhang xin liang@4著 |
| 801 | 0 | @aCN@b江苏新华@c20160918 |
| 905 | @aBZT@dTP2@e5 | |
| 机器人+:正在席卷全球的机器人革命= Robots:robot is over the world’s robot revolution/刘芳栋, 林伟, 朱建良, 张新亮著.-北京:中国铁道出版社,2016 |
| 234页:图;24cm |
| 使用对象:机器人产业相关人员。 |
| ISBN 978-7-113-21972-7:CNY48.00 |
| 本书主要分8章来进行讲解,主要讲解了即将到来的“机器人红利”时代的特征,中国机器人产业的发展现状及策略,机器人与智能制造技术,机器人在不同领域的应用(工业、教育、医疗、服务、家庭、农业与军事)这四个模块的内容。 |
| ● |
| 相关链接 |
|
|
|
正题名:机器人+
索取号:TP2/5
 
预约/预借
| 序号 | 登录号 | 条形码 | 馆藏地/架位号 | 状态 | 备注 |
| 1 | 809662 | 2000809662 | 第二书库/ [索取号:TP2/5] | 在馆 | |
| 2 | 809663 | 2000809663 | 第二书库/ [索取号:TP2/5] | 在馆 | |
| 3 | 809664 | 2000809664 | 第二书库/ [索取号:TP2/5] | 在馆 |